Intizar ka mausam (Record no. 360820)
[ view plain ]
| 000 -LEADER | |
|---|---|
| fixed length control field | 01271nam a22001697a 4500 |
| 003 - CONTROL NUMBER IDENTIFIER | |
| control field | 0 |
| 005 - DATE AND TIME OF LATEST TRANSACTION | |
| control field | 20260429182950.0 |
| 020 ## - INTERNATIONAL STANDARD BOOK NUMBER | |
| ISBN | 9788199502116 |
| 082 ## - DEWEY DECIMAL CLASSIFICATION NUMBER | |
| Classification number | H SHA P |
| 100 ## - MAIN ENTRY--AUTHOR NAME | |
| Personal name | Shakir, Parveen |
| 245 ## - TITLE STATEMENT | |
| Title | Intizar ka mausam |
| 260 ## - PUBLICATION, DISTRIBUTION, ETC. (IMPRINT) | |
| Place of publication | Noida |
| Name of publisher | Rekhta Publications |
| Year of publication | 2025 |
| 300 ## - PHYSICAL DESCRIPTION | |
| Number of Pages | 140p. |
| 520 ## - SUMMARY, ETC. | |
| Summary, etc | Intizaar Ka Mausam: Parveen Shakir is a collection of her selected works, which includes not only ghazals but also selected Nazms. These clearly portray delicate inner emotions, feminine sentiments, pain, romance, and, at places, an expression of indifference toward love and its attainments. For admirers of Parveen Shakir, this book is a priceless gift. Parveen Shakir was born on 24 November 1952 in Karachi. Her ancestral home is Laheriasarai in Bihar. She is counted among the distinguished poets of Urdu. Her first book “Khushbu” brought her immense fame. Her poetry beautifully reflects feminine emotions, love, romance, pain, and subtle feelings. Along with ghazal, Parveen Shakir also wrote free verse. She received several awards, including the Adamjee Award. Sadly, she passed away in a road accident in 1994, but her poetic legacy remains alive in the hearts of readers. |
| 650 ## - SUBJECT ADDED ENTRY--TOPICAL TERM | |
| Topical Term | Upanyas |
| -- | Hindi Fiction |
| 9 (RLIN) | 19017 |
| 942 ## - ADDED ENTRY ELEMENTS (KOHA) | |
| Koha item type | Books |
| Lost status | Home library | Current library | Date acquired | Cost, normal purchase price | Full call number | Accession Number | Koha item type | Public Note |
|---|---|---|---|---|---|---|---|---|
| Gandhi Smriti Library | Gandhi Smriti Library | 2026-04-29 | 299.00 | H SHA P | 181872 | Books | 299.00 |
